| 000 | 00847nam a22002657a 4500 | ||
|---|---|---|---|
| 999 |
_c15325 _d15325 |
||
| 003 | MIRAKIL | ||
| 005 | 20240208140200.0 | ||
| 008 | 240208b tu ||||| |||| 00| 0 tur d | ||
| 020 | _a9786254007064 | ||
| 040 |
_aTR-AnCHP _cTR-AnCHP |
||
| 041 | _aTürkçe | ||
| 082 |
_a340 _bD55y 2020 |
||
| 090 | _a340 D55y 2020 | ||
| 100 | _aDinçer, Güven | ||
| 245 | 1 | 0 |
_aYargı düzenimiz ve hukuk eğitimi / _cGünver Dinçer ; ed.: Mustafa Timur Özkan. |
| 250 | _a1. bs. | ||
| 260 |
_aAnkara _b[y.y.] _c2020 _fEmsal matbaa |
||
| 300 |
_a72 s. _c21 cm. |
||
| 650 | 0 |
_97490 _aYargı düzeni _zTürkiye |
|
| 650 | 0 |
_9485 _aHukuk _xTürkiye |
|
| 650 | 0 |
_9963 _aYargı işlemleri _xTürkiye |
|
| 650 | 0 |
_97491 _aHukuk eğitimi _zTürkiye |
|
| 856 | _zDijital Nüshası için Partimizin Kütüphane Sorumlusu ile iletişime geçiniz. | ||
| 942 |
_2ddc _cBKS |
||